Statistiken für Champions League Topscorer 2011/12

Klicken Sie hier um das Quiz zu spielen!

Allgemein

  • Dieses Quiz wurde 27 mal gespielt
  • Das Durchschnittsergebnis liegt bei 11 aus 20

Antwortstatistiken

RangNationVereinToreAntwort% Korrekt
3PortugalReal Madrid10Cristiano Ronaldo
100%
5ElfenbeinküsteChelsea6Didier Drogba
100%
4FrankreichReal Madrid7Karim Benzema
100%
1ArgentinienBarcelona14Lionel Messi
100%
2DeutschlandBayern München12Mario Gomez
96%
14NiederlandeBayern München4Arjen Robben
92%
6SchwedenAC Milan5Zlatan Ibrahimovic
92%
6UruguaySSC Napoli5Edinson Cavani
81%
14NiederlandeArsenal4Robin van Persie
77%
6SchweizBasel5Alexander Frei
54%
14SpanienBarcelona4Pedro
50%
14BrasilienPorto4Hulk
35%
6ElfenbeinküsteCSKA Moskva5Seydou Doumbia
19%
14GhanaOL Marseilles4Andre Ayew
15%
6SpanienValencia5Soldado
15%
6SpanienReal Madrid5Jose Callejon
12%
14ParaguayBenfica4Oscar Cardozo
12%
6FrankreichOL Lyon5Bafetimbi Gomis
4%
14BrasilienAPOEL Nikosia4Manduca
0%
6RusslandZenit5Roman Shirokov
0%

Verteilung der Resultate

Perzentil nach korrekt beantworteten Fragen

Anzahl Personen mit jedem Resultat

Ihre Resultats-Entwicklung

Sie haben dieses Quiz noch nicht gespielt